[Event "Wiesbaden op 29th"]
[Site "Wiesbaden"]
[Date "2017.08.24"]
[Round "1"]
[White "Hamwi, Mustafa"]
[Black "Hipler, Andreas"]
[Result "1/2-1/2"]
[WhiteElo "1219"]
[BlackElo "1884"]
[PlyCount "96"]
[EventDate "2017.08.24"]
[EventType "swiss"]
[EventRounds "7"]
[EventCountry "GER"]
[SourceTitle "CBM 180 Extra"]
[Source "ChessBase"]
[SourceDate "2017.10.06"]
[SourceVersion "1"]
[SourceVersionDate "2017.10.06"]
[SourceQuality "1"]

1. d4 Nf6 2. c4 e6 3. Nc3 Bb4 4. Bd2 0-0 5. e3 b6 6. Nf3 Bb7 7. Be2 d6 8. a3 Bxc3 9. Bxc3 Ne4 10. Qc2 f5 11. Bd3 Nd7 12. 0-0 Qe8 13. Bxe4 Bxe4 14. Qe2 Qh5 15. Qd1 Bxf3 16. Qxf3 Qxf3 17. gxf3 f4 18. e4 Rf6 19. Kh1 Rh6 20. Rg1 Rf8 21. a4 a5 22. b4 Rh5 23. d5 e5 24. bxa5 bxa5 25. Bxa5 Rc8 26. Rgc1 Nc5 27. Ra3 Kf7 28. Bb4 Na6 29. Rb3 Rb8 30. Rcb1 Ra8 31. Ra3 Rh6 32. Ra2 Ke8 33. a5 Kd7 34. Ra4 Rf6 35. Ba3 Rff8 36. Rb5 Rfb8 37. Kg2 c6 38. dxc6+ Kxc6 39. Rb6+ Rxb6 40. axb6 Kxb6 41. Bxd6 Re8 42. Ra1 Re6 43. Rd1 Kc6 44. c5 Nxc5 45. Bxc5 Kxc5 46. Rd7 Rg6+ 47. Kh3 Kc6 48. Rd5 Re6 1/2-1/2